000 00625nam a2200193 i 4500
001 62537
003 ES-MaACL
005 20231227182304.0
007 t|
008 031121s1958 sp ||||1| spa d
100 1 _aFernández Flórez, Wenceslao,
_d1885-1964
_949790
245 1 3 _aEl ladrón de glándulas
_b: novela /
_cW. Fernández Flórez.
260 _aBarcelona :
_bPlaneta,
_c[1958] (
_fDiamante)
300 _a341 p. ;
_c19 cm.
490 1 _aAutores españoles contemporáneos
830 0 _aAutores españoles contemporáneos
_9180811
852 _aES-MaACL
_jC-15537
_bR.43657
999 _c62537
_d62537